Statistics for Countries that Beat Syria

Click here to take the quiz!

General Stats

  • This quiz has been taken 154 times
  • The average score is 10 of 15

Answer Stats

RankCategoryCountries% Correct
3Longest border with IraqIran | Saudi Arabia
97%
6Shortest coastline on the
Mediterranean Sea
Monaco | Bosnia and Herzegovina | Slovenia |
Malta | Montenegro
88%
4Least peaceful country [1]Somalia | Iraq | South Sudan
85%
7Where the Arab Spring first beganTunisia | Algeria | Jordan | Oman |
Saudi Arabia | Egypt
83%
6Lowest HDI outside AfricaYemen | Haiti | Afghanistan |
Papua New Guinea | Pakistan
79%
6Least democraticAfghanistan | Myanmar | North Korea |
D.R. Congo | Central African Republic
78%
4Most Christian Arab country [3]Lebanon | Bahrain | Kuwait
78%
3 (t)Where most of the popes were born
* excluding Italy / Vatican City
France | Germany
71%
3Largest Asian country to be fully
colonized by France
Vietnam | Laos
69%
3Most sanctioned country [5]Russia | Iran
63%
2Most deaths in the Yom Kippur WarEgypt
61%
4Greatest population decrease since 1959 [2]Ukraine | China | Russia
60%
3Most populous capital starting with DBangladesh | Senegal
38%
3Highest killing rate by law enforcement [4]Venezuela | El Salvador
19%
3Longest serving current "President" of
a Muslim-majority country
Tajikistan | Djibouti
14%

Score Distribution

Percentile by Number Answered

Percent of People with Each Score

Your Score History

You have not taken this quiz